Catálogo público

Bioestadística : principios y procedimientos / (Record no. 170551)

MARC details
000 -CABECERA
campo de control de longitud fija 01184nam a2200361Ia 4500
001 - NÚMERO DE CONTROL
campo de control dia_119
003 - IDENTIFICADOR DEL NÚMERO DE CONTROL
campo de control CHAP
005 - FECHA Y HORA DE LA ÚLTIMA TRANSACCIÓN
campo de control 20221206142834.0
008 - DATOS DE LONGITUD FIJA--INFORMACIÓN GENERAL
campo de control de longitud fija 220117s1988 xx 000 0 und d
010 ## - NÚMERO DE CONTROL DE LA BIBLIOTECA DEL CONGRESO
Número de control de LC 170551
020 ## - NÚMERO INTERNACIONAL ESTÁNDAR DEL LIBRO
Número Internacional Estándar del Libro 968-451-495-6
040 ## - FUENTE DE LA CATALOGACIÓN
Centro/agencia transcriptor CHAP
082 ## - NÚMERO DE LA CLASIFICACIÓN DECIMAL DEWEY
Número de clasificación 519.5 S84 1985
100 ## - ENTRADA PRINCIPAL--NOMBRE DE PERSONA
Nombre de persona Steel, Robert G. D.
9 (RLIN) 147251
245 ## - MENCIÓN DE TÍTULO
Título Bioestadística : principios y procedimientos /
Mención de responsabilidad, etc. Robert G. D. Steel y James H. Torrie ; traducción Ricardo Martínez B.
250 ## - MENCIÓN DE EDICIÓN
Mención de edición 2a ed.
260 ## - PUBLICACIÓN, DISTRIBUCIÓN, ETC.
Lugar de publicación, distribución, etc. México :
Nombre del editor, distribuidor, etc. McGraw-Hill,
Fecha de publicación, distribución, etc. 1988
300 ## - DESCRIPCIÓN FÍSICA
Extensión xxi, 622 p.
500 ## - NOTA GENERAL
Nota general Título original: Principles and procedures of statistics. A biometrical approach
503 ## - NOTA DE HISTORIA BIBLIOGRÁFICA (BK CF MU) [OBSOLETO]
Nota de historia bibliográfica C/e
504 ## - NOTA DE BIBLIOGRAFÍA, ETC.
Nota de bibliografía, etc. Incluye bibliografías
590 ## - NOTA LOCAL (RLIN)
Nota local QA276 S84 1985
650 ## - PUNTO DE ACCESO ADICIONAL DE MATERIA--TÉRMINO DE MATERIA
Término de materia o nombre geográfico como elemento de entrada Biomatemáticas
9 (RLIN) 139486
650 ## - PUNTO DE ACCESO ADICIONAL DE MATERIA--TÉRMINO DE MATERIA
Término de materia o nombre geográfico como elemento de entrada Biomathematics
9 (RLIN) 147252
650 ## - PUNTO DE ACCESO ADICIONAL DE MATERIA--TÉRMINO DE MATERIA
Término de materia o nombre geográfico como elemento de entrada Estadística matemática
9 (RLIN) 38261
650 ## - PUNTO DE ACCESO ADICIONAL DE MATERIA--TÉRMINO DE MATERIA
Término de materia o nombre geográfico como elemento de entrada Mathematical statistics
9 (RLIN) 147253
700 ## - PUNTO DE ACCESO ADICIONAL--NOMBRE DE PERSONA
Nombre de persona Martínez B., Ricardo, tr.
9 (RLIN) 139385
700 ## - PUNTO DE ACCESO ADICIONAL--NOMBRE DE PERSONA
Nombre de persona Torrie, James H., coaut.
9 (RLIN) 139386
901 ## - ELEMENTOS DE DATOS A LOCAL LDA (RLIN)
a 519.5 S84 1985
902 ## - ELEMENTOS DE DATOS B LOCAL, LDB (RLIN)
a M
905 ## - ELEMENTOS DE DATOS E LOCAL, LDE (RLIN)
a 5232271988 MX mn 8222223322SPA26
942 ## - ELEMENTOS DE PUNTO DE ACCESO ADICIONAL (KOHA)
Tipo de ítem Koha Libro
Fuente del sistema de clasificación o colocación Dewey Decimal Classification
Holdings
Estado de retiro Estado de pérdida Fuente del sistema de clasificación o colocación Estado dañado Restricciones de uso No para préstamo Código de colección Localización permanente Ubicación/localización actual Fecha de adquisición Fuente de adquisición Coste, precio normal de compra Número de inventario Total de préstamos Signatura topográfica completa Código de barras Fecha visto por última vez Número de copia Tipo de ítem Koha Información codificada de la localización en otra ubicación Fecha del último préstamo Precio válido a partir de
    Dewey Decimal Classification   Préstamo 5 días   General Ingenieria Agroindustrial Ingenieria Agroindustrial 18/01/2022 Compra Librería Gaona F. 1850 / R. (05/10/1989) 18944.10 C/e   519.5 S84 1985 dia_003022 18/01/2022 5 Libro      
    Dewey Decimal Classification       General Ingenieria Agroindustrial Ingenieria Agroindustrial 18/01/2022       3 519.5 S84 1985 dia_002605 26/11/2024 1 Libro 1 26/11/2024 18/01/2022
    Dewey Decimal Classification       General Ingenieria Agroindustrial Ingenieria Agroindustrial 18/01/2022       1 519.5 S84 1985 dia_002606 05/12/2024 2 Libro 1 05/12/2024 18/01/2022
    Dewey Decimal Classification       General Ingenieria Agroindustrial Ingenieria Agroindustrial 18/01/2022       1 519.5 S84 1985 dia_002979 07/11/2023 3 Libro 1 31/10/2023 18/01/2022
    Dewey Decimal Classification   Préstamo 5 días   General Ingenieria Agroindustrial Ingenieria Agroindustrial 18/01/2022 Compra Librería Gaona F. 1850 / R. (05/10/1989) 18944.10 C/e   519.5 S84 1985 dia_003021 18/01/2022 4 Libro